书目信息 |
| 题名: |
理性的思考
|
|
| 作者: | 张榕 , 汪振江 , 雒庆娇 编著 | |
| 分册: | ||
| 出版信息: | 北京 社会科学文献出版社 2001.01 |
|
| 页数: | 308页, [1] 叶图版 | |
| 开本: | 20cm | |
| 丛书名: | 中国西部大开发丛书 | |
| 单 册: | ||
| 中图分类: | F127.4 , F127 | |
| 科图分类: | ||
| 主题词: | 地区经济--经济发展战略--研究--中国--西部地区 | |
| 电子资源: | ||
| ISBN: | 7-80149-475-X | |
| 000 | 01053nam 2200301 450 | |
| 001 | 0536840312 | |
| 005 | 20051026184029.92 | |
| 010 | @a7-80149-475-X@dCNY15.00 | |
| 100 | @a20050128d2001 km y0chiy0120 ea | |
| 101 | 0 | @achi |
| 102 | @aCN@b110000 | |
| 105 | @aa a 000yy | |
| 200 | 1 | @a理性的思考@Ali xing de si kao@f张榕, 汪振江, 雒庆娇编著@Fzhang rong,wang zhen jiang,luo qing jiao bian zhu |
| 210 | @a北京@c社会科学文献出版社@d2001.01 | |
| 215 | @a308页, [1] 叶图版@c摹真@d20cm | |
| 225 | 2 | @a中国西部大开发丛书 |
| 320 | @a有书目。 | |
| 330 | @a本书主要有十章的内容:观念一变天地宽——关于转变观念,草丰树茂人康——关于生态建设,为有源头活水来——关于水,物竞天择——适者生存…… | |
| 410 | 0 | @12001 @a中国西部大开发丛书 |
| 606 | 0 | @a地区经济@x经济发展战略@x研究@y中国@y西部地区 |
| 610 | 0 | @a西部大开发 |
| 690 | @aF127.4@v4 | |
| 690 | @aF127@v4 | |
| 701 | 0 | @a张榕@Azhang rong@4编著 |
| 701 | 0 | @a汪振江@Awang zhen jiang@4编著 |
| 701 | 0 | @a雒庆娇@Aluo qing jiao@4编著 |
| 801 | 0 | @aCN@bQSSK@c20051026 |
| 905 | @a10447@dF127@eZ152 | |
| 理性的思考/张榕, 汪振江, 雒庆娇编著.-北京:社会科学文献出版社,2001.01 |
| 308页, [1] 叶图版:摹真;20cm.-(中国西部大开发丛书) |
| ISBN 7-80149-475-X:CNY15.00 |
| 本书主要有十章的内容:观念一变天地宽——关于转变观念,草丰树茂人康——关于生态建设,为有源头活水来——关于水,物竞天择——适者生存…… |
| ● |
| 相关链接 |
|
|
|
正题名:理性的思考
索取号:F127/Z152
 
预约/预借
| 序号 | 登录号 | 条形码 | 馆藏地/架位号 | 状态 | 备注 |
| 1 | 576059 | 205760595 | 社科二线422/409社科库 70排3列1层/ [索取号:F127/Z152] | 在馆 | |
| 2 | 576060 | 205760602 | 社科库409/409社科库 70排3列1层/ [索取号:F127/Z152] | 在馆 | |
| 3 | 576061 | 205760611 | 社科二线422/409社科库 70排3列1层/ [索取号:F127/Z152] | 在馆 |